00000000nas 2200000zi 4500
0019.919371
003CaOODSP
00520241127161754
006m     o  d f      
007cr cn ||||||||
008230123c20259999onchr p o    f0###b0fre|d
022 |a2817-1969
040 |aCaOODSP|bfre|erda|cCaOODSP
043 |an-cn---
0861 |aPS82-6F-PDF
1102 |aService correctionnel Canada.|eauteur, |eorganisme de publication.
222 0|aPlan sur l'accessibilité ... |b(Service correctionnel Canada)
24510|aPlan sur l'accessibilité ...
264 1|aOttawa, ON : |bCorrectional Service Canada = Service correctionnel Canada, |c[2022]-
310 |aTriennal
336 |atexte|btxt|2rdacontent/fre
337 |ainformatique|bc|2rdamedia/fre
338 |aressource en ligne|bcr|2rdacarrier/fre
3621 |aParaît depuis : 2022/2025.
500 |aPublié aussi en anglais sous le titre : Accessibility plan.
588 |aDescription d'après : 2022/2025; titre de la page couverture du fichier PDF.
588 |aDernière livraison consultée : 2022/2025.
61026|aService correctionnel Canada|vPériodiques.
650 6|aAccessibilité aux personnes handicapées|zCanada|xPlanification|vPériodiques.
650 6|aPersonnes handicapées|xPolitique gouvernementale|zCanada|vPériodiques.
655 7|aPériodiques|2rvmgf
77508|t... accessibility plan.|w(CaOODSP)9.919370